Beliebteste Limonaden in Deutschland - Statistiken

Allgemein
  • Dieses Quiz wurde 238 mal gespielt
  • Das Durchschnittsergebnis liegt bei 5 aus 10
Antwortstatistiken
Hint Antwort % Korrekt
F Fanta
100%
C Coca Cola
98%
S Sprite
97%
P Pepsi
69%
M Mezzo Mix
58%
S Sinalco
15%
V Vita Cola
15%
F Fritz Kola
12%
B Bionade
11%
P Pepsi Max
5%
Keine übereinstimmenden Quizze gefunden
Verteilung der Resultate
Anzahl Personen mit jedem Resultat
Perzentil nach korrekt beantworteten Fragen
Ihre Resultats-Entwicklung
Sie haben dieses Quiz noch nicht gespielt